| 000 | 00617nam a2200217Ia 4500 | ||
|---|---|---|---|
| 008 | 180523s9999 xx 000 0 und d | ||
| 020 | _a0-534-55683-3 | ||
| 050 | _aMAIN BF 76.5 | ||
| 050 | _b.L36 2002 | ||
| 100 | _aLangston, William. | ||
| 245 | 0 | _aResearch methods laboratory manual for psychology / | |
| 245 | 0 | _cWilliam Langston. | |
| 260 | _aSingapore : | ||
| 260 | _bThomson Learning, | ||
| 260 | _c2002 | ||
| 300 | _a226 pages : | ||
| 300 | _billustrations ; | ||
| 300 | _c24 cm. | ||
| 500 | _aIncludes bibiliographical references and index. | ||
| 650 | _aPsychology -- Research -- Methodology. | ||
| 999 |
_c356583 _d356583 |
||